Retail distribution : (Record no. 16019)
[ view plain ]
| 000 -LEADER | |
|---|---|
| fixed length control field | 00749nam a22002532 4500 |
| 001 - CONTROL NUMBER | |
| control field | 16019 |
| 003 - CONTROL NUMBER IDENTIFIER | |
| rucl marc code | BD-RjUL |
| 005 - DATE AND TIME OF LATEST TRANSACTION | |
| control field | 20211208235932.0 |
| 008 - FIXED-LENGTH DATA ELEMENTS--GENERAL INFORMATION | |
| fixed length control field | 140211r19511937enkb 000 0 eng c |
| 035 ## - SYSTEM CONTROL NUMBER | |
| System control number | (BD-RjUL)16074 |
| 040 ## - CATALOGING SOURCE | |
| Original cataloging agency | Yale Univ. Library |
| Transcribing agency | BD-RjUL |
| Modifying agency | BD-RjUL |
| Language of cataloging | eng |
| 041 ## - LANGUAGE CODE | |
| Language code of text/sound track or separate title | eng |
| 082 ## - DEWEY DECIMAL CLASSIFICATION NUMBER | |
| Classification number | 658.870942 |
| Author mark and year | SMR 1951 |
| 100 1# - MAIN ENTRY--PERSONAL NAME | |
| Personal name | Smith, Henry, |
| Dates associated with a name | 1905- |
| 9 (RLIN) | 6705 |
| 245 10 - TITLE STATEMENT | |
| Title | Retail distribution : |
| Remainder of title | a critical analysis / |
| Statement of responsibility, etc. | Henry Smith. |
| 250 ## - EDITION STATEMENT | |
| Edition statement | 2nd ed. |
| 260 ## - PUBLICATION, DISTRIBUTION, ETC. (IMPRINT) | |
| Place of publication, distribution, etc. | London : |
| Name of publisher, distributor, etc. | Oxford University Press, |
| Date of publication, distribution, etc. | 1937. [reprinted 1951] |
| 300 ## - PHYSICAL DESCRIPTION | |
| Pagination | vii, 222 p. |
| Illustrations | maps. |
| Size | 22 cm. |
| 650 #0 - SUBJECT ADDED ENTRY--TOPICAL TERM | |
| Topical term or geographic name as entry element | Retail trade |
| Geographic subdivision | Great Britain. |
| 9 (RLIN) | 9606 |
| Topical term or geographic name as entry element | Retail trade. |
| 9 (RLIN) | 49613 |
| 942 ## - ADDED ENTRY ELEMENTS (KOHA) | |
| Source of classification or shelving scheme | Dewey Decimal Classification |
| Koha item type | Books |
| Lost status | Source of classification or shelving scheme | Damaged status | Not for loan | Collection code | Permanent Location | Current Location | Shelving location | Date acquired | Source of acquisition | Cost, normal purchase price | Total Checkouts | Full call number | Date last seen | Copy number | Koha item type |
|---|---|---|---|---|---|---|---|---|---|---|---|---|---|---|---|
| Dewey Decimal Classification | Not For Loan | Non-fiction | Central Library, University of Rajshahi | Central Library, University of Rajshahi | Reading Room | 23/02/1955 | Oxford Library, Dacca | 11.00 | 658.870942 SMR 1951 | 11/02/2014 | C-1 | Books | |||
| Dewey Decimal Classification | Non-fiction | Central Library, University of Rajshahi | Central Library, University of Rajshahi | 01/02/1963 | zeitlinger | 21.00 | 658.870942 SMR 1951 | 02/11/2019 | C-2 | Books | |||||
| Dewey Decimal Classification | Non-fiction | Central Library, University of Rajshahi | Central Library, University of Rajshahi | 01/02/1963 | zeitlinger | 21.00 | 658.870942 SMR 1951 | 02/11/2019 | C-3 | Books | |||||
| Dewey Decimal Classification | Non-fiction | Central Library, University of Rajshahi | Central Library, University of Rajshahi | 01/02/1963 | zeitlinger | 21.00 | 658.870942 SMR 1951 | 02/11/2019 | C-4 | Books | |||||
| Dewey Decimal Classification | Non-fiction | Central Library, University of Rajshahi | Central Library, University of Rajshahi | 01/02/1963 | zeitlinger | 21.00 | 658.870942 SMR 1951 | 02/11/2019 | C-5 | Books |